000 005730000a22002050004500
003 LK-CoMWRAF
005 20231020135953.0
008 230817t1999 ||||| |||| 00| 0 eng d
020 _a9559687115
040 _aLK-CoMWRAF
_dLK-CoMWRAF
_eLK-CoMWRAF
041 _aeng
082 _a342.03
_bSEN
100 _aSeneviratne, Ranbanda
245 _aA New Political concept for Sri Lanka
260 _aNugegoda:
_bFriends of Nrw Direction (FOND),
_c1999
300 _a194 p.
650 _aSRI LANKA-Politics and government
650 _aCorruption in politics
942 _cBK
999 _c1097
_d1097